Top 500 Baby Girl Names of 1985-USA - Statistics

General Stats
  • This quiz has been taken 3,835 times
  • The average score is 271 of 500
Answer Stats
Rank Hint Answer % Correct
1 J Jessica
96%
389 J Jennie
95%
157 J Jenny
95%
188 A Ann
94%
146 A Anne
94%
35 M Mary
94%
30 S Sara
94%
5 S Sarah
94%
183 A Ana
92%
54 A Anna
92%
431 C Christen
92%
447 C Christin
92%
374 J Jenifer
92%
3 J Jennifer
92%
38 K Kristen
92%
49 K Kristin
92%
314 E Elisabeth
91%
9 E Elizabeth
91%
293 K Katharine
91%
32 K Katherine
91%
48 K Kathryn
91%
65 C Catherine
90%
335 J Jane
90%
52 M Maria
90%
14 L Laura
89%
481 L Lora
89%
205 A Aimee
88%
4 A Amanda
88%
396 A Amie
88%
20 A Amy
88%
24 E Emily
88%
85 J Julia
88%
100 R Rachael
88%
13 R Rachel
88%
117 H Hannah
87%
55 J Julie
87%
12 C Christina
86%
171 C Cristina
86%
264 E Emma
86%
57 K Kristina
86%
15 L Lauren
86%
95 N Nichole
86%
7 N Nicole
86%
489 A Ashely
85%
203 A Ashleigh
85%
418 A Ashlie
85%
460 A Ashly
85%
292 C Carol
85%
11 M Melissa
85%
59 V Victoria
85%
141 A Ashlee
84%
2 A Ashley
84%
352 A Alice
83%
25 R Rebecca
83%
185 S Stefanie
83%
6 S Stephanie
83%
29 S Samantha
82%
97 A Alison
81%
46 A Allison
81%
356 A Allyson
81%
409 A Alyson
81%
39 K Katie
81%
362 K Katy
81%
36 L Lisa
81%
182 M Michele
81%
22 M Michelle
81%
161 A Angel
80%
164 C Caroline
80%
265 C Charlotte
80%
179 K Kate
80%
19 K Kimberly
80%
58 N Natalie
80%
159 R Rebekah
80%
153 A Abigail
79%
296 A Annie
79%
199 B Beth
79%
290 E Ellen
79%
315 K Kelley
79%
142 K Kelli
79%
241 K Kellie
79%
28 K Kelly
79%
90 M Margaret
79%
260 R Rose
79%
301 H Helen
78%
87 K Karen
78%
120 M Molly
78%
45 A Alicia
77%
131 A Alisha
77%
249 A Amelia
77%
18 D Danielle
77%
452 E Elisha
77%
166 K Kari
77%
138 L Linda
77%
105 S Susan
77%
92 A Alexandra
76%
74 D Diana
76%
472 D Dianna
76%
420 J Joanne
76%
450 L Lucy
76%
178 M Marie
76%
229 E Evelyn
75%
242 G Grace
75%
64 P Patricia
75%
96 C Carrie
74%
44 C Christine
74%
317 E Eva
74%
8 H Heather
74%
187 K Kristine
74%
42 V Vanessa
74%
16 A Amber
73%
31 A Angela
73%
26 E Erin
73%
133 M Meagan
73%
368 M Meaghan
73%
10 M Megan
73%
63 M Meghan
73%
88 M Melanie
73%
235 S Sophia
73%
33 A Andrea
72%
94 B Bethany
72%
207 J Janet
72%
255 K Keri
72%
291 K Kerri
72%
413 N Nora
72%
72 V Veronica
72%
17 B Brittany
71%
220 C Claire
71%
392 H Hollie
71%
56 H Holly
71%
106 S Sandra
71%
170 C Cassie
70%
224 D Diane
70%
425 I Isabel
70%
371 J Jena
70%
50 J Jenna
70%
99 J Joanna
70%
110 T Tina
70%
377 J Jasmin
69%
103 J Jasmine
69%
78 L Leah
69%
248 O Olivia
69%
253 R Rosa
69%
132 T Teresa
69%
136 T Theresa
69%
112 A Alexis
68%
130 A Alyssa
68%
186 A Audrey
68%
347 B Breanna
68%
267 B Britney
68%
406 B Brittani
68%
84 B Brittney
68%
196 H Haley
68%
357 H Hayley
68%
461 J Jean
68%
234 J Jessie
68%
232 R Ruth
68%
298 A Alissa
67%
306 B Briana
67%
190 B Brianna
67%
485 J Josephine
67%
412 L Lillian
67%
177 S Sharon
67%
304 A Angelina
66%
169 B Barbara
66%
60 J Jacqueline
66%
348 K Kerry
66%
216 N Nina
66%
194 C Carla
65%
62 C Cassandra
65%
123 J Jaclyn
65%
197 J Jacquelyn
65%
327 J Jade
65%
278 K Karla
65%
438 M Mia
65%
109 N Nancy
65%
71 V Valerie
65%
122 B Brenda
64%
192 D Deborah
64%
273 D Debra
64%
219 D Donna
64%
34 E Erica
64%
382 E Ericka
64%
80 E Erika
64%
324 S Staci
64%
282 S Stacie
64%
67 S Stacy
64%
76 C Caitlin
63%
184 C Cara
63%
238 C Christie
63%
151 C Christy
63%
275 H Hope
63%
230 J Joy
63%
208 K Kaitlin
63%
285 K Kaitlyn
63%
98 K Kara
63%
191 K Katelyn
63%
68 K Kathleen
63%
163 K Kristi
63%
310 K Kristie
63%
145 K Kristy
63%
61 M Monica
63%
139 T Tanya
63%
455 T Tiffani
63%
23 T Tiffany
63%
172 T Tonya
63%
325 C Cortney
62%
295 F Frances
62%
175 J Jaime
62%
341 J Jami
62%
27 J Jamie
62%
383 J Jayme
62%
469 K Kristal
62%
213 A Abby
61%
176 A Angelica
61%
43 C Courtney
61%
492 D Daniela
61%
108 K Kayla
61%
245 T Taylor
61%
339 T Tracey
61%
302 T Traci
61%
107 T Tracy
61%
47 A April
60%
415 C Chrystal
60%
21 C Crystal
60%
261 D Daisy
60%
53 K Krystal
60%
111 K Krystle
60%
240 N Naomi
60%
79 N Natasha
60%
385 R Ruby
60%
437 B Betty
59%
143 J Jill
59%
263 N Maggie
59%
211 M Martha
59%
399 S Sally
59%
458 T Terra
59%
202 C Carly
58%
288 E Esther
58%
405 F Faith
58%
51 T Tara
58%
162 W Wendy
58%
313 A Aubrey
57%
388 J Jackie
57%
41 S Shannon
57%
217 T Tammy
57%
279 G Gabrielle
56%
342 J Janice
56%
408 J Judith
56%
370 K Kathy
56%
311 L Laurie
56%
158 L Lori
56%
75 C Chelsea
55%
300 C Chelsey
55%
212 L Lydia
55%
366 L Lyndsey
55%
116 P Pamela
55%
250 P Paula
55%
102 B Brooke
54%
66 C Cynthia
54%
334 G Gabriela
54%
464 J Judy
54%
40 L Lindsay
54%
37 L Lindsey
54%
174 C Cindy
53%
82 D Dana
53%
237 J Jodi
53%
446 J Jody
53%
426 J Juliana
53%
378 S Sandy
53%
148 T Tamara
53%
328 C Camille
52%
113 C Casey
52%
332 D Dorothy
52%
257 J Jordan
52%
286 K Kasey
52%
127 M Morgan
52%
270 E Elise
51%
365 E Elyse
51%
259 M Melody
51%
498 A Alaina
50%
221 B Bonnie
50%
104 C Candace
50%
86 C Candice
50%
223 C Carmen
50%
119 D Denise
50%
330 E Elena
50%
115 J Jillian
50%
424 L Lena
50%
376 L Lynn
50%
206 M Mandy
50%
401 S Serena
50%
256 A Alana
49%
289 A Alexandria
49%
114 G Gina
49%
125 H Heidi
49%
168 K Kelsey
49%
449 L Lara
49%
400 L Lesley
49%
77 L Leslie
49%
309 T Tia
49%
231 A Adriana
48%
210 A Autumn
48%
209 C Cheryl
48%
398 C Connie
48%
287 J Jocelyn
48%
228 T Toni
48%
416 J Joyce
47%
320 K Kirsten
47%
258 M Marisa
47%
152 M Marissa
47%
129 M Miranda
47%
225 S Summer
47%
319 Y Yvonne
47%
427 B Becky
46%
497 F Francesca
46%
355 I Irene
46%
93 K Katrina
46%
154 K Kendra
46%
393 L Leanne
46%
137 M Melinda
46%
480 B Belinda
45%
173 B Bridget
45%
478 L Leann
45%
428 N Nadia
45%
280 S Sonia
45%
303 S Sonya
45%
333 T Terri
45%
345 Y Yvette
45%
440 B Bridgette
44%
155 C Carolyn
44%
193 C Claudia
44%
361 E Elaine
44%
349 M Maureen
44%
329 P Paige
44%
386 R Rita
44%
128 S Sabrina
44%
283 S Shelly
44%
271 S Sylvia
44%
305 B Bianca
43%
165 D Dawn
43%
459 I Iris
43%
269 L Lacy
43%
395 S Shelley
43%
236 S Suzanne
43%
180 A Adrienne
42%
358 C Cecilia
42%
367 C Clarissa
42%
391 D Destiny
42%
254 G Gloria
42%
244 H Hilary
42%
246 H Hillary
42%
124 L Lacey
42%
201 S Savannah
42%
397 C Callie
41%
277 C Charlene
41%
403 E Eileen
41%
268 J Jeanette
41%
251 S Sheila
41%
344 T Tessa
41%
73 W Whitney
41%
379 A Ariel
40%
490 C Cassidy
40%
410 C Ciara
40%
466 C Cierra
40%
150 C Colleen
40%
215 S Sierra
40%
297 T Tabatha
40%
135 T Tabitha
40%
322 A Anita
39%
343 C Christa
39%
134 K Krista
39%
118 R Renee
39%
432 R Rosemary
39%
195 V Virginia
39%
474 M Marlene
38%
419 M Michael
38%
147 R Robin
38%
252 R Robyn
38%
457 S Sheri
38%
441 S Sherri
38%
442 S Shirley
38%
266 J Justine
37%
421 M Marilyn
37%
233 M Mindy
37%
380 S Sasha
37%
247 Y Yolanda
37%
423 C Constance
36%
473 K Kendall
36%
149 M Meredith
36%
321 M Miriam
36%
479 S Sydney
36%
451 B Beverly
35%
482 M Mackenzie
35%
353 R Rhonda
35%
429 S Shari
35%
281 S Shelby
35%
299 S Sherry
35%
359 A Annette
34%
69 B Brandi
34%
360 B Brandie
34%
70 B Brandy
34%
456 D Darlene
34%
198 J Janelle
34%
384 K Kira
34%
312 L Leigh
34%
363 T Tricia
34%
222 T Trisha
34%
476 A Angie
33%
274 C Charity
33%
156 D Deanna
33%
364 J Julianne
33%
144 M Mallory
33%
101 F Felicia
32%
493 L Lorraine
32%
434 M Michaela
32%
218 N Nikki
32%
444 N Noelle
32%
294 S Shauna
32%
214 S Shawna
32%
445 A Alisa
31%
346 E Elisa
31%
351 K Karina
31%
140 M Monique
31%
89 S Stacey
31%
436 C Celeste
30%
272 R Rachelle
30%
204 R Regina
30%
350 R Rochelle
30%
404 B Bobbie
29%
471 J Jolene
29%
331 B Brianne
28%
499 C Celia
28%
338 J Jana
28%
484 J Janine
28%
284 R Roxanne
28%
477 C Corinne
27%
433 G Genevieve
27%
496 G Gwendolyn
27%
121 M Misty
27%
167 P Priscilla
27%
468 L Larissa
26%
160 E Ebony
25%
276 J Johanna
25%
402 L Laurel
25%
439 N Norma
25%
239 R Raquel
25%
181 T Tasha
25%
487 B Bobbi
24%
126 D Desiree
24%
470 G Gretchen
23%
430 B Blair
22%
189 S Shana
22%
243 S Shanna
22%
475 T Tatiana
22%
411 A Alma
21%
83 D Dominique
21%
326 C Carissa
20%
443 C Chantel
19%
381 J Juanita
19%
318 I India
18%
316 L Latisha
18%
308 L Leticia
18%
340 A Antoinette
17%
467 B Brenna
17%
81 L Latoya
17%
407 S Shayla
17%
375 P Patrice
16%
394 R Ryan
16%
91 S Sheena
15%
483 T Tameka
15%
336 T Tamika
15%
337 C Chasity
14%
500 D Devon
14%
488 E Esmeralda
14%
354 K Keisha
14%
323 L Lorena
14%
465 C Chanel
13%
414 C Christian
13%
372 M Marisol
13%
386 T Tiara
13%
454 A Alejandra
12%
486 B Blanca
12%
422 Y Yesenia
12%
453 A Audra
11%
200 L Latasha
11%
307 T Trista
11%
373 G Guadalupe
10%
390 L Lakeisha
10%
448 L Latonya
10%
227 T Taryn
10%
262 R Randi
9%
495 C Chandra
8%
435 S Shayna
8%
226 M Mayra
7%
369 T Tanisha
7%
463 M Maribel
6%
462 T Tierra
4%
491 C Christopher
3%
417 M Marquita
3%
494 M Marisela
2%
No matching quizzes found
Score Distribution
Percent of People with Each Score
Percentile by Number Answered
Your Score History
You have not taken this quiz